Normal view
MARC view
- International Labour Organisation
Entry Corporate Name
001 - CONTROL NUMBER
- control field: 40419
003 - CONTROL NUMBER IDENTIFIER
- control field: OSt
005 - DATE AND TIME OF LATEST TRANSACTION
- control field: 20160724112545.0
008 - FIXED-LENGTH DATA ELEMENTS
- fixed length control field: 160724|| aca||aabn | a|a d
040 ## - CATALOGING SOURCE
- Original cataloging agency: OSt
110 ## - HEADING--CORPORATE NAME
- Corporate name or jurisdiction name as entry element: International Labour Organisation
- General subdivision: History
410 ## - SEE FROM TRACING--CORPORATE NAME
- Corporate name or jurisdiction name as entry element: منظمة العمل الدولية
510 ## - SEE ALSO FROM TRACING--CORPORATE NAME
- Corporate name or jurisdiction name as entry element: International Labour Organization